01003nam a2200265 i 4500001001000000003000900010005001700019007000300036008004100039040003000080041000800110082002400118111009400142245003400236264003400270300004500304336002700349337003300376338002800409490003300437500007300470650004800543650005500591710009100646000005085DO-SdBNP20251210111112.0ta090729s1997 dr a r 000 0 spa d aDO-SdBNPbspacBNPHUerda aspa 4a343.0962bF745d2222 aForum "Derecho Marítimo y del Mar"n(2:d1996 :cSanto Domingo, República Dominicana)10aDerecho marítimo y del mar. 1aSanto Domingo :bCRMJ,c1997. a248 páginas :bilustraciones ;c22 cm. atextobtxt2rdacontent asin mediaciónbn2rdamedia avolumenbnc2rdacarrier1 aColección Forum Permanente aIncluye referencias bibliográficas y notas al pie de las páginas 0aDerecho marítimo zRepública Dominicana 0aDerecho marítimo xCongresos, conferencias, etc.1 aRepública Dominicana. bComisionado para la Reforma y Modernización de la Justicia